000 00849cam a2200229 4500
001 C60941
008 000000n2000 000 0 eng u
035 _a(Sirsi) u104808
041 _aeng
050 _a692.9
110 _aJoint Contracts Tribunal
_93664
245 _aStandard form of measured term contract 1998: Amendment 2 and guidance notes issued January 2000 sundry amendments.
260 _aLondon
_bRIBA Publications
_c2000
300 _a4p. ; 30cm.
350 _a15
650 _aMEASURED TERM CONTRACT
650 _aBUILT ENVIRONMENT-BUILDING CONTRACT FORMS
650 _aJCT STANDARD FORM OF BUILDING CONTRACT (1998 EDITION)
650 _aBUILT ENVIRONMENT-BUILDING CONTRACT FORMS-STANDARD FORMS OF BUILDING CONTRACT-JOINT CONTRACTS TRIBNUAL CONTRACTS
690 _aBUILT ENVIRONMENT-BUILDING CONTRACT FORMS
942 _n0
999 _c100283
_d100283